| 000 | 01033nam0a2200301 4500 | ||
|---|---|---|---|
| 001 | RU\NLR\bibl\1321195 | ||
| 005 | 20260406005747.0 | ||
| 010 |
_a978-5-98797-025-6 _93000 |
||
| 021 |
_aRU _b2008-96211 _95640 |
||
| 035 | _a(NLR Aleph) 001306539 | ||
| 090 |
_a652581 _c652581 |
||
| 100 | _a20090128d2008 |||y0rusy50 ca | ||
| 101 | 1 |
_arus _ceng |
|
| 102 | _aRU | ||
| 105 | _ay ||||||||| | ||
| 200 | 1 |
_aТерритория тьмы _fВ.С. Найпол _g[пер. с англ. - Татьяны Азаркович] |
|
| 210 |
_aМосква _cPaulsen [и др.] _d2008 |
||
| 215 |
_a319, [1] с. _d20 |
||
| 225 | 1 | _aTravel series | |
| 320 | _aБиблиогр. в Прим. и коммент.: с. 316-320 | ||
| 686 | _aШ6(741)07-4{Лх1916} | ||
| 700 | 1 |
_4070 _8rus _7ca _aНайпол _bВ. С. _f1932-2018 _gВидиадхар Сураджпрасад _3RU\NLR\AUTH\77115246 _998171 |
|
| 801 | 0 |
_aRU _bNLR _c20090128 _gRCR |
|
| 801 | 1 |
_aRU _bNLR _c20090128 |
|
| 942 | _cBOOK | ||
| 980 | _aNB | ||